[Event "Turning Torso Chess Event 2021"]
[Site "Malmoe"]
[Date "2021.08.21"]
[Round "5.5"]
[White "Westerberg, Jonathan"]
[Black "Schussler, Harry"]
[Result "1-0"]
[WhiteElo "2526"]
[BlackElo "2410"]
[Annotator "TA"]
[PlyCount "127"]
[EventDate "2021.08.20"]
[EventType "tourn"]
[EventCountry "SWE"]
[SourceTitle "playchess.com"]
[Source "ChessBase"]
[SourceQuality "1"]

{[%evp 10,127,-2,-20,-16,-27,-26,-31,-31,-18,-29,-75,-65,-66,-71,-151,-117,
-130,-52,-49,-44,-62,-56,-62,-63,-58,-61,-86,-42,-64,-54,-67,-54,-83,-79,-89,
-83,-89,-106,-122,-26,-41,0,0,0,0,89,94,92,24,24,22,35,26,34,41,26,37,54,49,89,
18,18,10,8,0,139,123,129,123,168,166,176,175,167,168,220,161,257,177,324,149,
183,175,169,0,174,168,189,178,212,210,191,185,211,178,301,298,278,32,29,24,37,
22,23,22,60,68,79,8,129,129,173,172,1884,1600,1129,1067,949,697]} 1. e4 e5 2.
Nf3 Nf6 3. Nc3 Bb4 4. Nd5 Nxd5 5. exd5 e4 6. Nd4 O-O {C42: Petroff Defence: 3
Nxe5 and unusual White 3rd moves.} 7. c3 Bc5 8. Nb3 Bb6 {Black is slightly
better.} 9. d4 exd3 10. Bxd3 Re8+ {[#]} 11. Be2 $146 ({Predecessor:} 11. Kf1
Qh4 12. Qf3 d6 13. Bd2 Nd7 14. Re1 Rxe1+ 15. Bxe1 Nc5 16. Nxc5 Bxc5 17. Qe4
Qxe4 18. Bxe4 {1-0 (60) Vetemaa,J (2350)-Toikka,J Tampere 1996}) 11... Qe7 12.
Bf4 (12. a4 $142) 12... d6 13. Qd2 Bg4 (13... Nd7 $17 14. Be3 Bxe3 15. Qxe3
Qxe3 16. fxe3 Rxe3) 14. f3 $1 $15 {[%cal Rf3g4]} Bf5 15. Nd4 Bxd4 16. cxd4 Nd7
17. Kf2 Nb6 18. Bb5 Rec8 ({Don't play} 18... Nxd5 $6 19. Bxe8 Qxe8 20. Rhe1 $14
) (18... Bd7 {seems wilder.} 19. Rhe1 Qf6 20. Bg5 Qf5 21. Rxe8+ Rxe8 22. Bd3
Qxd5 23. Be4 Qe6) 19. Rae1 Qf8 20. g4 Bd7 21. Bxd7 Nxd7 22. Qb4 Nb6 23. Qb3 Re8
24. a4 a5 (24... f5 $17 {Hoping for ...fxg4.} 25. a5 fxg4) 25. Bd2 Rxe1 26.
Rxe1 Qd8 27. Qb5 $1 $36 {[%mdl 2048] White is pushing.} Qd7 (27... h5 $11 28.
g5 Qc8) 28. Qxd7 $16 Nxd7 {[%mdl 4096] Endgame [#] KRB-KRN} 29. Re7 (29. Rc1 $1
$16 {[%cal Rc1c7]}) 29... Rd8 $11 30. Bxa5 Kf8 31. Re1 b6 32. Bd2 Ra8 $1 33.
Rc1 Rxa4 34. Rxc7 Ke8 35. Bf4 (35. Rc8+ $16 Ke7 36. Rg8) 35... Nf6 36. Bxd6
Nxd5 37. Rc2 (37. Rb7 {keeps more tension.} Rxd4 38. Ke2 g6 39. Ba3 h5 40. gxh5
gxh5 41. Bd6) 37... Rxd4 (37... Kd7 $11 {remains equal.} 38. Bg3 f6) 38. Be5
$16 Ra4 39. Bxg7 Kd7 40. Rd2 Ke6 41. Re2+ Kd6 42. Bf8+ Kd7 (42... Kc6 $142 43.
Bg7 Ra8) 43. Kg3 Rc4 (43... f6 {was called for.} 44. Bh6 Rc4) 44. h4 b5 (44...
f6 $142 45. f4 Rd4) 45. h5 (45. Re5 $18 Rd4 46. Rh5) 45... b4 46. Rd2 Ke6 47.
Re2+ Kd7 $1 48. g5 b3 49. Ba3 Rc2 50. Re5 Rd2 51. Re4 Rd3 52. Ra4 Ne3 (52...
Rd1 {is a better defense.} 53. Kg4 Kc6 54. Rc4+ Kd7) 53. Ra7+ $18 Ke6 {[#]} 54.
Re7+ $2 (54. Kf4 $1 $18 {[%cal Rf4e4]} Nd5+ 55. Ke4 Re3+ 56. Kd4) 54... Kf5 $14
55. Rxf7+ Kxg5 56. Rxh7 {Black must now prevent Be7+.} Nf5+ 57. Kf2 Rd2+ 58.
Ke1 Rh2 59. Rb7 ({White should play} 59. Rd7 $16) 59... Rxh5 (59... Nd4 $1 $11)
60. Rxb3 $16 Nd4 61. Rd3 Kf4 $2 (61... Nf5 62. Kd2 Kf6) 62. Rxd4+ {White is
clearly winning.} Ke3 63. Re4+ Kxf3 64. Re8 {Weighted Error Value: White=0.30/
Black=0.32} 1-0

[Event "Turning Torso Chess Event 2021"]
[Site "Malmoe"]
[Date "2021.08.21"]
[Round "9.1"]
[White "Blomqvist, Erik"]
[Black "Grandelius, Nils"]
[Result "0-1"]
[WhiteElo "2537"]
[BlackElo "2666"]
[Annotator "TA"]
[PlyCount "88"]
[EventDate "2021.08.20"]
[EventType "tourn"]
[EventCountry "SWE"]
[SourceTitle "playchess.com"]
[Source "ChessBase"]
[SourceQuality "1"]

{[%evp 12,88,27,27,35,35,35,33,44,34,47,40,56,40,57,52,70,41,45,48,47,55,87,59,
67,64,80,70,103,72,75,60,83,86,70,82,89,49,56,62,54,55,66,63,58,0,0,0,0,-121,
35,-29,0,-131,-129,-197,-146,-197,-207,-233,-243,-307,-299,-309,-311,-298,-304,
-353,-303,-414,-427,-426,-423,-738,-738,-700,-683,-684,-682]} 1. e4 c6 2. d4 d5
3. exd5 cxd5 4. Bd3 Nc6 5. c3 Nf6 6. Bf4 g6 7. Nf3 Nh5 {B13: Caro-Kann:
Exchange Variation and Panov-Botvinnik Attack.} 8. Be3 Qc7 $5 {[%mdl 4]
Exploring less charted territory.} 9. O-O Bg7 {White is slightly better.} 10.
Re1 O-O 11. Nbd2 Nf4 12. Bf1 Bf5 13. Nb3 Rfe8 14. Qd2 Nh5 15. h3 {Threatens to
win with g4.} Nf6 16. Bf4 {[#]} Qc8 $146 ({Predecessor:} 16... Qb6 17. Ne5 Ne4
18. Qe3 Nxe5 19. Bxe5 Bxe5 20. dxe5 Qxe3 21. Rxe3 Rac8 22. Rd1 Nc5 23. Rxd5
Nxb3 24. axb3 {1-0 (68) Aronian,L (2782)-Artemiev,V (2704) chess24.com INT 2021
}) 17. Rad1 Ne4 18. Qc1 f6 19. c4 g5 20. Bh2 e6 21. Nfd2 Bg6 22. Nxe4 dxe4 23.
d5 Nb4 24. d6 {Strongly threatening d7.} Nd3 25. Bxd3 exd3 26. c5 e5 27. Qc4+
Kh8 28. Rxd3 (28. Qd5 $14 Qd7 29. Nd2) 28... Bxd3 $11 29. Qxd3 {And now d7
would win.} Qc6 30. h4 (30. Rd1 $11 {keeps the balance.}) 30... g4 $2 ({
Better is} 30... gxh4 $17 31. Qe4 a5) 31. Qf5 (31. Rc1 $14) 31... b6 32. Qxg4 (
32. Nd2 $1 $11 {was the only way to keep the balance.}) 32... bxc5 $17 33. d7 (
33. Rd1 $17) 33... Re7 ({Black should play} 33... Red8 $19 34. Rd1 a5) 34. Rc1
(34. Bf4 $17 {is a better defense.}) 34... Qxd7 $19 35. Qxd7 Rxd7 36. Nxc5 {[#]
} Rc8 $1 {[%mdl 512] aiming for ...Rxc5!} 37. b4 {[#]} Bf8 $1 {[%mdl 512]} 38.
f4 {[#]} e4 {[%mdl 512]} 39. f5 (39. Kh1 e3) 39... Rd5 40. Re1 Bxc5+ 41. bxc5 {
Black is clearly winning.} Rcxc5 42. Rxe4 (42. Bb8 $142 Rc4 43. Bxa7) 42...
Rd1+ 43. Kf2 Rc2+ 44. Kf3 Rd3+ {Weighted Error Value: White=0.37/Black=0.15}
0-1

[Event "Turning Torso Chess Event 2021"]
[Site "Malmoe"]
[Date "2021.08.21"]
[Round "2.5"]
[White "Brynell, Stellan"]
[Black "Agrest, Evgenij"]
[Result "0-1"]
[WhiteElo "2422"]
[BlackElo "2568"]
[Annotator "TA"]
[PlyCount "78"]
[EventDate "2021.08.20"]
[EventType "tourn"]
[EventCountry "SWE"]
[SourceTitle "playchess.com"]
[Source "ChessBase"]
[SourceQuality "1"]

{[%evp 12,78,30,38,37,34,42,29,34,35,43,29,33,21,37,-5,66,11,29,18,18,21,36,23,
39,2,21,17,97,68,85,87,73,61,122,0,0,0,0,0,24,16,31,22,23,28,24,0,2,7,6,11,29,
39,29,37,72,21,19,0,0,-600,-576,-29970,-29970,-29991,-29992,-29992,-29990]} 1.
e4 c6 2. d4 d5 3. exd5 cxd5 4. c4 Nf6 5. Nc3 Be6 6. Nge2 dxc4 7. Nf4 Bg4 {
B13: Caro-Kann: Exchange Variation and Panov-Botvinnik Attack.} 8. f3 Bd7 9.
Bxc4 e6 {White has an edge.} 10. d5 {[%cal Rd5e6]} e5 11. Nd3 Bd6 12. Be3 O-O {
[#]} 13. Nf2 $146 ({Predecessor:} 13. O-O Na6 14. Nf2 Nc5 15. b4 Na6 16. a3 Rc8
17. Nce4 Nxe4 18. Nxe4 Bb8 19. Qb3 {1/2-1/2 (52) Sebenik,M (2551)-Agrest,E
(2584) Chess.com INT 2018}) 13... Bf5 (13... b5 $11 14. Bd3 (14. Nxb5 $2 Bxb5
15. b3 Qa5+ 16. Bd2 Qa6 $19) 14... b4) 14. O-O (14. g4 $14 Bg6 15. h4) 14...
Nbd7 $11 15. Bd3 (15. Rc1 {seems wilder.} Rc8 16. Qe2 a6 17. Rfd1 Qe7 18. Bd3)
15... Bxd3 16. Qxd3 Nc5 17. Qe2 Rc8 18. Rad1 a6 19. Kh1 Re8 (19... Qd7 $11 {
keeps the balance.}) 20. Bg5 $1 $16 h6 21. Bh4 g5 22. Bg3 Nh5 {[#]} (22... b5
$14) 23. Nfe4 (23. Ng4 $1 $16) 23... f5 $36 {[%mdl 2048] Black is pushing.} 24.
Nxd6 Qxd6 25. Bf2 Nd7 26. Qd3 Rf8 27. Rfe1 b5 28. a3 Rc4 29. Rc1 e4 30. fxe4 {
Strongly threatening b3.} Ne5 31. Qd2 {And now b3 would win.} f4 32. Bd4 f3 {
Threatens to win with ...fxg2+.} 33. Bxe5 Qxe5 34. gxf3 ({White should play}
34. Rcd1 $16) 34... Rxf3 35. Qe2 Rh3 {Hoping for ...Ng3+.} 36. Kg1 $2 {[%mdl
8192] [#]} (36. Qf2 $11) 36... Nf4 $1 $19 {[%cal Rf4e2]} 37. Qg4 Qd4+ {Black
mates.} 38. Kf1 Rxh2 {[%csl Gh2][%cal Rd4f2]} 39. Qf3 Rh3 {[%cal Rh3f3]
Weighted Error Value: White=0.58/Black=0.13} 0-1

[Event "Turning Torso Chess Event 2021"]
[Site "Malmoe"]
[Date "2021.08.21"]
[Round "6.1"]
[White "Agrest, Evgenij"]
[Black "Smith, Axel"]
[Result "1/2-1/2"]
[WhiteElo "2568"]
[BlackElo "2451"]
[Annotator "TA"]
[PlyCount "148"]
[EventDate "2021.08.20"]
[EventType "tourn"]
[EventCountry "SWE"]
[SourceTitle "playchess.com"]
[Source "ChessBase"]
[SourceQuality "1"]

{[%evp 9,148,-20,-15,-16,-16,-16,-7,-5,-16,-10,-18,-27,-13,-65,-61,-86,-28,-69,
-47,-127,-131,-180,-185,-192,-203,-198,-203,-177,-120,-146,-134,-154,-146,-192,
-192,-183,-194,-187,-187,-191,-191,-194,-187,-189,-179,-185,-175,-242,-170,
-208,-208,-240,-244,-311,-312,-306,-317,-372,-340,-466,-341,-337,-331,-329,
-268,-270,-237,-239,-212,-206,-177,-176,-179,-252,-254,-262,-214,-231,-218,
-266,-105,-99,-100,-100,-83,-86,-85,-79,-87,-99,-115,-95,-14,-14,0,-2,0,0,0,0,
0,0,0,0,0,0,0,0,0,0,0,0,0,0,0,0,0,0,0,0,0,0,0,0,0,0,0,0,0,0,-31,-31,0,0,0,0,0,
-28000,-28000,-28000,-28000]} 1. Nf3 d5 2. e3 c5 3. c4 d4 4. exd4 cxd4 5. Bd3
Nc6 6. O-O {A09: Réti Opening: 1 Nf3 d5 2 c4.} Nf6 7. Re1 g6 8. Bc2 {The
position is equal.} Bg7 9. d3 O-O {[#]} 10. Ba4 $146 ({Predecessor:} 10. Nbd2
b6 11. a3 a5 12. Rb1 Qd6 13. Ba4 Bb7 14. Qe2 Nd7 15. Ne4 Qc7 16. Bb5 {0-1 (42)
Dittmar,P (2351)-Stefanova,A (2483) Gibraltar 2007}) 10... Nd7 11. Qe2 (11. b3
$11) 11... Re8 12. Ng5 Nf6 (12... e5 $17 13. Qf3 Qf6) 13. Bd2 h6 $1 {[%cal
Rh6g5]} 14. Nf3 (14. Ne4 $15) 14... e5 $1 $17 15. Bc2 Bf5 16. Nh4 Bg4 17. f3
Be6 18. g3 Bf8 (18... Qb6 $19 19. b3 Bf8) 19. Na3 Nd7 20. Rab1 Nb4 21. Bb3 g5
22. Ng2 Bf5 23. Bxb4 Bxb4 24. Red1 Bxa3 25. bxa3 Nc5 26. Bc2 Bg6 27. Qd2 Qd7
28. g4 (28. a4 {was called for.}) 28... Ne6 29. Qa5 b6 30. Ba4 Qc7 ({Weaker is
} 30... bxa5 31. Bxd7 Reb8 32. Ne1 $11) 31. Qd5 Red8 32. Qc6 Qe7 33. Bb3 Nc5
34. Ne1 Rac8 35. Qb5 Qf6 36. Qb4 Qf4 37. Qd2 Re8 38. Bc2 Rcd8 39. a4 Rd6 40. a5
h5 41. h3 (41. Qxf4 {might work better.} exf4 42. axb6 axb6 43. a4) 41... hxg4
$19 42. hxg4 Kg7 43. axb6 axb6 ({Not} 43... Rxb6 44. Qxf4 gxf4 45. Rxb6 $17)
44. a4 Rh8 $2 (44... Qf6 $1 $19 {and Black stays clearly on top.} 45. Rb5 Ne6)
45. Qxf4 $17 exf4 46. Rb5 Ra8 (46... Rc8 {keeps more tension.} 47. Kf2 Re6 48.
Kf1 Rcc6 49. Rdb1 Kh6) 47. Rdb1 {[#]} Ra6 $1 48. a5 Rxa5 49. Rxa5 bxa5 50. Rb5
{[%mdl 64] [#] Double Attack} Ne6 (50... Re6 $1 $17 51. Kf2 Re5) 51. Rxa5 $11
Rb6 52. Kf2 Kf6 53. Ke2 Ke7 54. Kd2 Kd6 55. Rd5+ Ke7 56. Ba4 Ra6 57. Bb3 Rb6
58. Ba4 Ra6 59. Bb5 Rd6 60. Nc2 $1 Rxd5 61. cxd5 {[%mdl 4096] Endgame KBN-KBN}
Nc7 62. Bc4 Kd6 63. Nxd4 Nxd5 64. Bxd5 Kxd5 {KB-KN} 65. Kc3 f6 66. Nc2 f5 67.
Nb4+ Kd6 {...fxg4 is the strong threat.} (67... Ke6 {seems wilder.} 68. Kd4 Be8
69. Nd5 Ba4 70. gxf5+ Kxf5 71. Nc3 Bc2) 68. Kd4 fxg4 69. fxg4 Bf7 70. Ke4 Be6
71. d4 $1 Bxg4 {aiming for ...Bd1.} 72. Nd3 Be6 $2 {[%mdl 8192]} (72... Bd1 $11
73. Nxf4 g4) 73. Nxf4 gxf4 74. Kxf4 Kd5 {[%mdl 32768] Weighted Error Value:
White=0.17/Black=0.17. An unexpected result.} 1/2-1/2

[Event "Turning Torso Chess Event 2021"]
[Site "Malmoe"]
[Date "2021.08.21"]
[Round "9.2"]
[White "Smith, Axel"]
[Black "Hellers, Ferdinand"]
[Result "1/2-1/2"]
[WhiteElo "2451"]
[BlackElo "2592"]
[Annotator "TA"]
[PlyCount "32"]
[EventDate "2021.08.20"]
[EventType "tourn"]
[EventCountry "SWE"]
[SourceTitle "playchess.com"]
[Source "ChessBase"]
[SourceQuality "1"]

{[%evp 10,32,8,0,0,0,0,0,0,-23,0,-22,-29,-26,-25,-49,-45,-45,-45,-50,-50,-49,
-15,-48,-7]} 1. e4 e6 2. d4 d5 3. exd5 exd5 4. Nf3 Nf6 5. Bd3 Bd6 6. Qe2+ Be6 {
C01: French: Exchange Variation.} 7. Ng5 Qe7 8. Nc3 a6 {[#] The position is
equal.} 9. Be3 $146 ({Predecessor:} 9. Nxe6 fxe6 10. Be3 O-O 11. O-O-O Bb4 12.
Nb1 c5 13. c3 c4 14. Bc2 Bd6 15. g4 {1-0 (22) Van Bommel,T (1912)-Ilyin,I
(1763) LSS email 2013}) 9... Nc6 10. a3 Bg4 11. f3 Bd7 12. Bf2 h6 13. Nh3 O-O-O
14. Qxe7 Nxe7 15. Bg3 Bf5 16. Kd2 Bxd3 {Weighted Error Value: White=0.10/
Black=0.06} 1/2-1/2

[Event "Turning Torso Chess Event 2021"]
[Site "Malmoe"]
[Date "2021.08.21"]
[Round "3.1"]
[White "Hector, Jonny"]
[Black "Schussler, Harry"]
[Result "1/2-1/2"]
[WhiteElo "2465"]
[BlackElo "2410"]
[Annotator "TA"]
[PlyCount "114"]
[EventDate "2021.08.20"]
[EventType "tourn"]
[EventCountry "SWE"]
[SourceTitle "playchess.com"]
[Source "ChessBase"]
[SourceQuality "1"]

{[%evp 14,114,20,20,20,16,20,26,17,20,31,27,33,22,59,31,39,31,31,22,16,10,8,8,
12,8,12,14,34,0,0,0,0,0,0,0,9,0,0,0,0,0,22,0,0,0,0,0,0,0,0,0,0,0,0,0,0,0,0,0,0,
0,0,0,0,0,2,0,2,0,0,0,0,0,0,0,0,0,0,0,0,0,0,0,0,0,0,-90,0,-8,0,-69,-29,-39,0,
-18,0,-10,0,-8,0,-15,0]} 1. e4 e5 2. Nf3 Nf6 3. Nc3 Bb4 4. Nxe5 O-O 5. Be2 Re8
6. Nd3 Bxc3 7. dxc3 Nxe4 8. O-O b6 {[#] C42: Petroff Defence: 3 Nxe5 and
unusual White 3rd moves.} 9. a4 $146 ({Predecessor:} 9. f3 Nd6 10. Re1 Nc6 11.
Bf1 Bb7 12. Rxe8+ Qxe8 13. Bf4 Qe7 14. Nb4 Nxb4 15. cxb4 Ne8 16. Qd2 {1-0 (44)
Wei,Y (2727)-Bai,J (2585) Xinghua 2017}) 9... a5 10. Nf4 Bb7 {White has an
edge.} 11. c4 d6 12. Ra3 Nd7 13. Re3 Ndf6 14. b3 Nc5 15. Rxe8+ Qxe8 16. Re1 Qd7
17. Nd3 Nxd3 18. Bxd3 Re8 19. f3 Rxe1+ 20. Qxe1 Qe6 21. Qd2 Qe5 22. h3 h6 23.
Kf2 Kf8 24. Qe3 Qxe3+ 25. Bxe3 $11 {[%mdl 4096] Endgame KBB-KBN} Nd7 26. g4 Ke7
27. h4 f6 28. Bd4 Ne5 29. Be2 g5 30. h5 Nc6 31. Bc3 Nd8 32. Bd3 Ne6 33. Ke3 Bc6
34. Bf5 Nf4 35. Bd2 Ne6 (35... Bb7 {seems wilder.} 36. Kf2 Nh3+ 37. Ke3 Nf4)
36. Bd3 Nc5 37. Bf1 Ne6 38. Bc3 Bb7 39. Kf2 Bc6 40. Kg3 Nf4 41. Bd2 Ne6 42. Be2
Nd4 43. Bd1 Ne6 44. c3 Nc5 45. Bc2 Bd7 46. Be3 Bc6 47. Bc1 Bd7 48. Kf2 Bc6 49.
Ke3 Bd7 50. Bd1 (50. Kf2 $11) 50... Bc6 ({Black should play} 50... f5 $17) 51.
Ba3 Bd7 52. Kd2 (52. Bc1 $11) 52... Be8 53. Ke3 Bd7 54. Bc2 {The position is
equal.} Be8 55. Bc1 Bd7 56. Bd2 Be8 57. Bc1 Kf7 {Weighted Error Value: White=0.
09/Black=0.06} 1/2-1/2

[Event "Turning Torso Chess Event 2021"]
[Site "Malmoe"]
[Date "2021.08.21"]
[Round "6.2"]
[White "Hellers, Ferdinand"]
[Black "Pantzar, Milton"]
[Result "1-0"]
[WhiteElo "2592"]
[BlackElo "2424"]
[Annotator "TA"]
[PlyCount "93"]
[EventDate "2021.08.20"]
[EventType "tourn"]
[EventCountry "SWE"]
[SourceTitle "playchess.com"]
[Source "ChessBase"]
[SourceQuality "1"]

{[%evp 9,93,6,2,0,24,12,22,0,8,0,9,16,16,0,10,0,26,29,40,35,51,40,87,80,81,93,
99,68,106,63,64,0,100,76,210,210,210,214,216,216,216,215,225,183,179,143,211,
217,362,352,350,332,339,93,76,11,116,126,102,109,198,198,667,650,4133,4133,
29974,29974,29974,29975,29975,29974,29974,29975,29976,29977,29979,29980,29980,
29981,29981,29982,29982,29983,29983,29984]} 1. Nf3 d5 2. d4 Nf6 3. Bf4 e6 4. e3
Bd6 5. Bg3 O-O 6. c4 {D02: 1 d4 d5 2 Nf3 sidelines, including 2...Nf6 3 g3 and
2...Nf6 3 Bf4.} c5 7. cxd5 exd5 8. Nc3 {The position is equal.} Nc6 9. Be2 Bxg3
10. hxg3 {[#]} c4 $146 ({Predecessor:} 10... cxd4 11. Nxd4 Qb6 12. Qb3 Nxd4 13.
Qxb6 axb6 14. exd4 Re8 15. f3 h5 16. Kd2 Bd7 {1-0 (60) Sedlak,N (2608)
-Mastrovasilis,A (2518) Valjevo 2018}) 11. O-O Re8 12. b3 cxb3 13. Qxb3 Na5 14.
Qb4 Bf5 15. Rfc1 a6 16. Ne5 Nc6 17. Nxc6 bxc6 18. Na4 Rb8 19. Qc3 Ne4 20. Qxc6
(20. Qe1 $14) 20... Qg5 (20... Bd7 $1 $11 21. Qc2 (21. Qxa6 $2 Ra8 $19) 21...
Qg5) 21. Rf1 $1 $16 ({Reject} 21. Qxd5 Nxf2 22. Rf1 Rbd8 $1 $15) 21... Nxg3 (
21... Qd8 $16 {might work better.}) 22. fxg3 $18 Qxe3+ 23. Rf2 $1 Qxd4 24. Rd1
Qe3 25. Qc3 ({Worse is} 25. Qxa6 Bc2 $11) 25... g6 26. Qxe3 Rxe3 27. Rxd5 Rxg3
(27... Ra3 $16) 28. Bf3 Rb1+ (28... h6 $142 29. Ra5 Rg5 30. Rxa6 Be6) 29. Kh2
Rg5 30. Nc3 Rb4 31. g4 $2 (31. Re2 $18 {is more deadly.}) 31... h6 $16 32. Rg2
(32. Be2 $16) 32... Be6 {[#]} (32... Bxg4 $11 {keeps the balance.} 33. Rxg5
Bxf3) 33. Rxg5 $1 hxg5 34. Ne4 Ra4 {[#]} (34... Rb5 $16 {was worth a try.} 35.
Kg3 Ra5) 35. Nc5 $1 $18 {[%cal Rc5a4]} Rxa2 (35... Ra3) 36. Nxe6 Rxg2+ 37. Kxg2
fxe6 {[%mdl 4096] Endgame KB-KP} 38. Kf2 {White mates.} Kf7 39. Ke3 Ke7 40. Kd4
Kd6 41. Be4 a5 42. Bxg6 a4 43. Bc2 a3 44. Bb3 e5+ 45. Ke4 Kc5 46. Kxe5 Kb4 47.
Be6 {Weighted Error Value: White=0.17/Black=0.52} 1-0

[Event "Turning Torso Chess Event 2021"]
[Site "Malmoe"]
[Date "2021.08.21"]
[Round "9.3"]
[White "Pantzar, Milton"]
[Black "Agrest, Evgenij"]
[Result "0-1"]
[WhiteElo "2424"]
[BlackElo "2568"]
[Annotator "TA"]
[PlyCount "74"]
[EventDate "2021.08.20"]
[EventType "tourn"]
[EventCountry "SWE"]
[SourceTitle "playchess.com"]
[Source "ChessBase"]
[SourceQuality "1"]

{[%evp 9,74,0,6,0,0,-3,0,-6,22,20,64,22,53,19,51,61,70,57,63,7,32,0,42,41,451,
449,498,239,239,168,181,190,169,87,114,112,102,-93,-87,-158,-30,-91,-75,-190,
-64,-185,-186,-351,-336,-331,-310,-276,-272,-404,-229,-191,-116,-283,-232,-314,
-305,-319,-302,-306,-280,-425,-297]} 1. d4 d5 2. c4 c6 3. Nf3 Nf6 4. g3 Bg4 5.
Ne5 Bf5 6. Nc3 {D11: Slav Defence: 3 Nf3 sidelines and 3...Nf6 4 e3 Bg4.} e6 7.
Qb3 Qb6 8. c5 {The position is equal.} Qc7 9. Bf4 Qc8 10. Bg2 (10. f3 $5 {
[%cal Rg3g4]}) 10... Be7 11. O-O O-O 12. f3 $36 {[%mdl 2048] White is more
active.} h6 {[#]} 13. e4 $146 ({Predecessor:} 13. g4 Bh7 14. e4 Nbd7 15. exd5
Nxd5 16. Nxd5 exd5 17. Rae1 Bf6 18. Qc3 Re8 19. Bg3 {1/2-1/2 (62) Gurvich,V
(2230)-Kobalia,M (2609) Moscow 2019}) 13... Bh7 14. exd5 (14. Bh3 $14) 14...
cxd5 15. Rac1 Nh5 16. Be3 f6 $2 {[%mdl 8192]} (16... Nc6 $14) 17. Nxd5 $1 $18
Bd8 {[#]} 18. Ng4 (18. Nb6 $142 $1 {[%mdl 512]} Bxb6 19. Bh3 $1) 18... f5 19.
Ne5 exd5 20. Qxd5+ Kh8 21. Nf7+ (21. f4 $1 $18 Nc6 22. Nf7+ (22. Nxc6 bxc6 23.
Qxc6 Qxc6 $16) 22... Rxf7 23. Qxf7) 21... Rxf7 $16 22. Qxf7 Nf6 {...Bg8 is the
strong threat.} 23. Qf8+ (23. f4 $1 $16 {is necessary to keep the advantage.}
Nc6 24. d5) 23... Bg8 $17 {[%mdl 1024] Threatens to win with ...Nbd7. Black
has strong compensation.} 24. Bf4 ({Better is} 24. Bf2) 24... Qd7 (24... Nbd7
$17 25. Qd6 Nd5) 25. Rfe1 (25. Qd6 $11 {remains equal.}) 25... Nc6 26. Rcd1 {
[#]} (26. d5 $17 Qxd5 27. Rcd1 Qxa2 28. Bxh6) 26... Ne7 (26... Rc8 $1 $19 27.
Qd6 Qf7) 27. Bxh6 (27. Bh3 $15) 27... Ng6 $19 28. Bxg7+ (28. Qxg7+ Qxg7 29.
Bxg7+ Kxg7 30. f4) 28... Kh7 29. Qxf6 Bxf6 30. Bxf6 Bd5 ({Don't do} 30... Bxa2
31. h4 $19) 31. h4 (31. Bg5 {was the only defense.}) 31... Rf8 (31... Qc6 $142
32. Bg5 Bxf3) 32. Bg5 {[#] h5 would now be nice for White.} Rf7 (32... Re8 $1
$19 33. b3 Nf8) 33. Rd3 $2 (33. b3 $17) 33... Nf8 ({But not} 33... Bxa2 34. Bf1
$17) 34. Bf4 Qb5 ({Weaker is} 34... Bxa2 35. b3 $17) 35. Rd2 Ne6 36. Be5 Qa5 (
36... Bxa2 $2 37. Rf2 $19) 37. Rde2 (37. Ree2 $142) 37... Qxa2 {Quite a
comeback for Black.  Weighted Error Value: White=0.60/Black=0.52} 0-1